000 00517nam a22001937a 4500
003 koha_MIRAKIL
005 20231213100251.0
008 231213b |||||||| |||| 00| 0 ||| d
020 _b978-9-75210400-6
040 _aTR-IsEVY
_btur
_cTR-IsEVY
082 _aFIC CAR/Ç
100 _aCarstens, Wilfried.
245 0 _aÇiftlik hayvanları
260 _bAltın Kitaplar,
_c2013
300 _a[15] s.
650 _aChildren's literature -- Tales.
650 _aÇocuk edebiyatı -- Masallar.
942 _2ddc
_cBK
999 _c17216
_d17216